[Document dated 2 June 1820 relating to the sale of timber at Lackanshandewheat, Knockalisheen and Graignagower] (Record no. 116636)

MARC details
000 -LEADER
fixed length control field 00891ctm a22002055a 4500
001 - CONTROL NUMBER
control field L141165
008 - FIXED-LENGTH DATA ELEMENTS--GENERAL INFORMATION
fixed length control field 071031s1820 xxk eng u
035 ## - SYSTEM CONTROL NUMBER
System control number (Sirsi) u141165
041 0# - LANGUAGE CODE
Language code of text/sound track or separate title eng
245 01 - TITLE STATEMENT
Title [Document dated 2 June 1820 relating to the sale of timber at Lackanshandewheat, Knockalisheen and Graignagower]
Medium [manuscript]
260 ## - PUBLICATION, DISTRIBUTION, ETC.
Date of publication, distribution, etc. 1820
300 ## - PHYSICAL DESCRIPTION
Extent 2 sheets
Dimensions 23 x 19 cm. +
Accompanying material 1 sheet (8 x 7 cm.)
351 ## - ORGANIZATION AND ARRANGEMENT OF MATERIALS
Hierarchical level Single item
500 ## - GENERAL NOTE
General note Item is a memorandum of an agreement between William Welland, on behalf of the Right Honorable George Lord Viscount Midleton and Baron Brodrick, and John Kelly.
500 ## - GENERAL NOTE
General note Item is accompanied by a newspaper clipping relating to the sale of timber.
500 ## - GENERAL NOTE
General note Item presented by John St Rosevear on 17 August 1950.
651 4# - SUBJECT ADDED ENTRY--GEOGRAPHIC NAME
Geographic name Ireland (Republic of)
Chronological subdivision
690 ## - LOCAL SUBJECT ADDED ENTRY--TOPICAL TERM (OCLC, RLIN)
Topical term or geographic name as entry element PROPERTY-PROPERTY ACQUISITION AND DISPOSAL
942 ## - ADDED ENTRY ELEMENTS (KOHA)
Suppress in OPAC 0
Holdings
Withdrawn status Lost status Source of classification or shelving scheme Damaged status Not for loan Home library Current library Shelving location Date acquired Total Checkouts Full call number Barcode Date last seen Copy number Price effective from Koha item type
    Dewey Decimal Classification     London London Basement 31/10/2007   BASEMENT BOX 5 141165-1001 06/08/2019 1 06/08/2019 Archive